000 00466nam a2200181Ia 4500
001 23152
005 20260414150918.0
008 260414t2017||||xx |||||||||||||| ||spa||
041 _aESP
082 _a624.2
_bL65
100 _aLin, Weiwei
_eAUT
245 0 _aBridge engineering :
_bclassifications, design loading, and analysis methods
260 _c2017
300 _aix, 281 páginas :
_c23 cm.
650 _a0
654 _aCIC
942 _cLIB
_dJUS
_fJUS
_2ddc
_n
999 _c23152
_d23152